Music Quiz

Random Music or Album Quiz

Alternative Bands of the 2000's Quiz Stats

 Plays Quiz not verified by Sporcle

Challenge
Share
Tweet
Embed
Score 0/60 Timer 12:00
0 Plays Today
Albums Band % Correct
'American Idiot' '21st Century Breakdown'Green Day
96.3%
'Parachutes' 'Viva La Vida'Coldplay
94.5%
'Elephant' 'Icky Thump'The White Stripes
76.9%
'Stadium Arcadium' 'By the Way'Red Hot Chili Peppers
73.9%
'Meteora' 'Hybrid Theory'Linkin Park
73.7%
'Hot Fuss' 'Day and Age'The Killers
71%
'Resistance' 'Black Holes and Revelations'Muse
70.5%
'Three Cheers for Sweet Revenge' 'The Black Parade'My Chemical Romance
68.9%
'From Under the Cork Tree' 'Infinity On High'Fall Out Boy
63.1%
'Kid A' 'In Rainbows'Radiohead
61.6%
'Take Off Your Pants and Jacket' and a self-titled albumBlink-182
55%
'Ocean Avenue' 'Lights and Sounds'Yellowcard
51%
'Funeral' 'Neon Bible'Arcade Fire
46.9%
'Favourite Worst Nightmare' 'Whatever People Say I Am,That's What I Am Not'Arctic Monkeys
46.3%
'A Beautiful Lie' 'This Is War'30 Seconds to Mars
45.6%
'Room On Fire' 'Is This It'The Strokes
45.5%
'Only by the Night' 'Aha Shake Heartbreak'Kings of Leon
45.3%
'In Your Honor' 'One By One'Foo Fighters
44.7%
'Does This Look Infected?' 'All Killer No Filler'Sum 41
44.5%
'Bleed Ameican' 'Futures'Jimmy Eat World
42.9%
'No Line on the Horizon' 'All That You Can't Leave Behind'U2
42.7%
'Make Believe' 'Maladroit' and two self-titled albumsWeezer
41.1%
'Songs For the Deaf' 'Lullabies to Paralyze'Queens of the Stone Age
36.6%
'Guero' 'Sea Change'Beck
35%
'Plans' 'Narrow Stairs'Death Cab For Cutie
34.5%
'Sky Blue Sky' 'Yankee Hotel Foxtrot'Wilco
29.7%
'Show Your Bones' 'Fever to Tell'The Yeah Yeah Yeahs
29.2%
'Appeal to Reason' 'Sufferer and the Witness'Rise Against
28.4%
'Backspacer' 'Riot Act'Pearl Jam
28.1%
'Chutes Too Narrow' 'Wincing the Night Away'the Shins
26.1%
Albums Band % Correct
'A Crow Left of the Murder...' 'Light Grenades'Incubus
25.3%
'Eyes Open' 'Final Straw'Snow Patrol
24.8%
'Vini Vedi Vicious' 'The Black and White Album'The Hives
24.5%
'Machina I/the Machines of God' 'Zeitgeist'Smashing Pumpkins
24.2%
'Antics' 'Turn on the Bright Lights'Interpol
24%
'Gimme Fiction' 'Ga Ga Ga Ga Ga'Spoon
23.5%
'Return to Cookie Mountain' 'Dear Science'TV on the Radio
21.8%
'With Teeth' 'the Slip'Nine Inch Nails
21.8%
'Broken Boy Soldiers' 'Consolers of the Lonely'the Raconteurs
21%
'Splinter' 'Rise and Fall,Rage and Grace'the Offspring
20.8%
'Where You Want to Be' 'Louder Now'Taking Back Sunday
19.4%
'I'm Wide Awake,It's Morning' 'Digital Ash in a Digital Urn'Bright Eyes
19.2%
'Swoon' 'Carnavas'Silversun Pickups
19%
'Veckatimest' 'Yellow House'Grizzly Bear
16.9%
'Give Up'the Postal Service
15.8%
'Z' 'Evil Urges'My Morning Jacket
15.8%
'It's Not Me,It's You' 'Alright,Still'Lily Allen
15.5%
'Vespertine' 'Medulla' Bjork
14%
'Drunken Lullabies' 'Within A Mile of Home'Flogging Molly
13.9%
'Thirteenth Step' 'Mer de Noms'A Perfect Circle
13.7%
'Francis the Mute' 'The Bedlam in Goliath'the Mars Volta
13.7%
'Lies For the Liars' 'In Love and Death'the Used
11.6%
'New Wave' 'Reinventing Axl Rose'Against Me!
9.7%
'Rather Ripped' 'the Eternal'Sonic Youth
9.2%
'Super Taranta!' 'Gypsy Punks: Underdog World Strike'Gogol Bordello
9.2%
'Let it Die' 'the Reminder'Feist
9%
'Indestructible' 'Let the Dominoes Fall'Rancid
5.6%
'Everything Goes Numb' 'Somewhere in the Between'Streetlight Manifesto
5.2%
'In Case We Die' 'Places Like This'Architecture in Helsinki
2.3%
'How It Goes' 'Strictly Rude'Big D and the Kids Table
1.6%

You're not logged in!

Compare scores with friends on all Sporcle quizzes.
Join for Free
OR
Log In

You Might Also Like...

Show Comments

Extras

Top Quizzes Today


Score Distribution

Your Account Isn't Verified!

In order to create a playlist on Sporcle, you need to verify the email address you used during registration. Go to your Sporcle Settings to finish the process.

Report this User

Report this user for behavior that violates our Community Guidelines.

Details: